Presidential Signature Snippets Quiz Stats

 Plays Quiz Updated Feb 5, 2016

Challenge
Share
Tweet
Score 0/43 Timer 12:00
2 Plays Today
Column President % Correct
Column 1Andrew Jackson
96.4%
Column 1Theodore Roosevelt
88.7%
Column 2Jimmy Carter
87.3%
Column 2James A. Garfield
83.3%
Column 1Herbert Hoover
82.5%
Column 2Harry S. Truman
82.2%
Column 1James K. Polk
82%
Column 2Zachary Taylor
79.8%
Column 2Abraham Lincoln
78.7%
Column 2Bill Clinton
78.3%
Column 4Woodrow Wilson
78%
Column 2William Henry Harrison
77.1%
Column 3Martin Van Buren
76.7%
Column 2James Monroe
76.5%
Column 4John Quincy Adams
76.3%
Column 1John Tyler
75.4%
Column 2Franklin Pierce
75.4%
Column 3Ronald Reagan
75.1%
Column 1James Madison
74.9%
Column 3William H. Taft
74.6%
Column 2George Bush
73.6%
Column 1George Washington
73.2%
Column President % Correct
Column 1John F. Kennedy
68.7%
Column 4James Buchanan
68.6%
Column 3Gerald R. Ford
68.3%
Column 4Andrew Johnson
67%
Column 3John Adams
66.9%
Column 1Barack Obama
66.3%
Column 3Dwight D. Eisenhower
66.2%
Column 4Benjamin Harrison
66%
Column 3Warren G. Harding
65.3%
Column 4Richard Nixon
64.3%
Column 1George W. Bush
63.2%
Column 3Lyndon B. Johnson
59.6%
Column 4Franklin D. Roosevelt
59.1%
Column 2Rutherford B. Hayes
57.5%
Column 3Chester A. Arthur
55.7%
Column 4Ulysses. S. Grant
53.2%
Column 4Grover Cleveland
48.1%
Column 4Thomas Jefferson
47.7%
Column 3Millard Fillmore
46.6%
Column 3William McKinley
42.7%
Column 1Calvin Coolidge
34.9%

You're not logged in!

Compare scores with friends on all Sporcle quizzes.
Join for Free
OR
Log In

You Might Also Like...

Show Comments

Extras

Top Quizzes Today


Score Distribution

Your Account Isn't Verified!

In order to create a playlist on Sporcle, you need to verify the email address you used during registration. Go to your Sporcle Settings to finish the process.

Report this User

Report this user for behavior that violates our Community Guidelines.

Details: